Causas de la política / (Registro nro. 21321)

Detalles MARC
000 -LEADER
campo de control de longitud fija 00463nam a2200169 i 4500
001 - NÚMERO DE CONTROL
campo de control 21321
003 - IDENTIFICADOR DE NÚMERO DE CONTROL
campo de control ES-MaACL
005 - FECHA Y HORA DE LA ÚLTIMA TRANSACCIÓN
campo de control 20230906152447.0
007 - CAMPO FIJO DE DESCRIPCIÓN FÍSICA--INFORMACIÓN GENERAL
campo de control de longitud fija t|
008 - DATOS DE LONGITUD FIJA--INFORMACIÓN GENERAL
campo de control de longitud fija 021125s1968 sp ||||1| spa d
100 1# - ENTRADA PRINCIPAL--NOMBRE DE PERSONA
Nombre de persona Alberdi, Ricardo.
9 (RLIN) 19274
245 10 - MENCIÓN DEL TÍTULO
Título Causas de la política /
Mención de responsabilidad, etc. Ricardo Alberdi.
260 ## - PUBLICACIÓN, DISTRIBUCIÓN, ETC.
Lugar de publicación, distribución, etc. [S.l.] :
Nombre del editor, distribuidor, etc. Ethos,
Fecha de publicación, distribución, etc. [1968] (
Lugar de fabricación/manufactura Irún)
300 ## - DESCRIPCIÓN FÍSICA
Extensión 33 p. ;
Dimensiones 32 cm.
500 ## - NOTA GENERAL
Nota general Ejemplar multicopista.
852 ## - LOCALIZACIÓN
Ubicación ES-MaACL
Número de control de estantería 2063-F-13
Sublocalización o colección R.66044
Existencias
Estatus retirado Estado de pérdida Estado de daño No para préstamo Colección Biblioteca de origen Biblioteca actual Ubicación en estantería Fecha de adquisición Fuente de adquisición Total de préstamos Signatura topográfica completa Código de barras Visto por última vez Precio de reemplazo Tipo de ítem Koha
        Colección de folletos Biblioteca del Ateneo de Madrid Biblioteca del Ateneo de Madrid Depósito folletos 17/01/2008     2063-F-13 1021906 23/02/2023 23/02/2023 Folleto